000 00668nam a2200241Ia 4500
003 OSt
005 20220918175034.0
006 a|||||r|||| 00| 0
007 ta
008 220917b |||||||| |||| 00| 0 eng d
024 _a15,327
037 _cTextual
040 _aARTS
_cARTS
_beng
041 _2eng
_aeng
082 _aO111:g, L5
100 _aIrmscher William F.
_952624
245 0 _aNature of literature
_b Writing oon literary topics
260 _aNew York
_bRinehart and Winston
_c1975
300 _axii,190p.
_ccm.
650 _aENGLISH LITERATURE
942 _hO111:g, L5
_cTEXL
_2CC
999 _c155738
_d155738